Tier-Variationen 1 - Statistiken

Allgemein
  • Dieses Quiz wurde 9.780 mal gespielt
  • Das Durchschnittsergebnis liegt bei 9 aus 15
Antwortstatistiken
Varianten # Antwort % Korrekt
Rot-, Polar-, Fennek F Fuchs
96%
Wander-, Turm-, Merlin F Falke
93%
Blau-, Kohl-, Hauben- M Meise
80%
See-, Zwerg-, Riesen- O Otter
78%
Grau-, Blauer Ara, Gelbbauchamazone P Papagei
72%
Feuer-, Alpen-, Goldstreifen- S Salamander
68%
Bunt-, Schwarz-, Grün- S Specht
68%
Schnee-, Waldohr-, Kreisch- E Eule
62%
Tagpfauenauge, Kleiner Fuchs, Landkärtchen S Schmetterling
56%
Busch-, Baum-, Wallaby K Känguru
49%
Fünfpunkt-, Siebenpunkt-, Kugeliger - M Marienkäfer
47%
Aga-, Kreuz-, Erd- K Kröte
44%
Alaska, Yellowstone-, Kamtschatka- E Elch
40%
Engel-, Ammen-, Katzen- H Hai
40%
Kleiner Abendsegler, Große Hufeisennase, Alpen-Langohr F Fledermaus
39%
Keine übereinstimmenden Quizze gefunden
Verteilung der Resultate
Anzahl Personen mit jedem Resultat
Perzentil nach korrekt beantworteten Fragen
Ihre Resultats-Entwicklung
Sie haben dieses Quiz noch nicht gespielt